<?xml version="1.0" encoding="UTF-8"?>
<record
    xmlns:xsi="http://www.w3.org/2001/XMLSchema-instance"
    xsi:schemaLocation="http://www.loc.gov/MARC21/slim http://www.loc.gov/standards/marcxml/schema/MARC21slim.xsd"
    xmlns="http://www.loc.gov/MARC21/slim">

  <leader>02938nam a2200289 u 4500</leader>
  <controlfield tag="001">1328</controlfield>
  <controlfield tag="003">CO-MdUADB</controlfield>
  <controlfield tag="005">20260428103504.0</controlfield>
  <controlfield tag="008">950404s1994                        spa  </controlfield>
  <datafield tag="020" ind1=" " ind2=" ">
    <subfield code="a">950124167X</subfield>
  </datafield>
  <datafield tag="035" ind1=" " ind2=" ">
    <subfield code="a">1328</subfield>
  </datafield>
  <datafield tag="035" ind1=" " ind2=" ">
    <subfield code="a">(OCoLC)777973693</subfield>
  </datafield>
  <datafield tag="040" ind1=" " ind2=" ">
    <subfield code="c">comduadb</subfield>
  </datafield>
  <datafield tag="041" ind1=" " ind2=" ">
    <subfield code="a">spa</subfield>
  </datafield>
  <datafield tag="082" ind1=" " ind2="4">
    <subfield code="a">158</subfield>
  </datafield>
  <datafield tag="100" ind1="1" ind2="0">
    <subfield code="a">Aulagnier, Piera</subfield>
    <subfield code="4">aut</subfield>
    <subfield code="e">aut</subfield>
    <subfield code="9">239502</subfield>
  </datafield>
  <datafield tag="245" ind1="1" ind2="4">
    <subfield code="a">Los destinos del placer: Alienaci&#xF3;n, amor, pasi&#xF3;n</subfield>
  </datafield>
  <datafield tag="260" ind1=" " ind2=" ">
    <subfield code="a">Argentina:</subfield>
    <subfield code="b">Ediciones Paid&#xF3;s,</subfield>
    <subfield code="c">1994.</subfield>
  </datafield>
  <datafield tag="300" ind1=" " ind2=" ">
    <subfield code="a">313 p&#xE1;ginas</subfield>
  </datafield>
  <datafield tag="500" ind1=" " ind2=" ">
    <subfield code="a">Compra: Librer&#xED;a Am&#xE9;rica: Dic/94.</subfield>
  </datafield>
  <datafield tag="520" ind1="3" ind2=" ">
    <subfield code="a">CONTENIDO: Prefacio. -- PARTE I: Identificaci&#xF3;n, alienaci&#xF3;n, psicosis. -- CAP&#xCD;TULO 1: Alienaci&#xF3;n y psicosis: Dos respuestas antin&#xF3;micas al conflicto identificatorio. -- El proceso de identificaci&#xF3;n. -- CAP&#xCD;TULO 2: El conflicto identificante-identificado en la psicosis. -- CAP&#xCD;TULO 3: El estado de alienaci&#xF3;n. -- La alienaci&#xF3;n o la muerte. -- El deseo de autoalienaci&#xF3;n. -- PARTE II: El yo y la causalidad. -- CAP&#xCD;TULO 4: El doble principio de causalidad (o las convicciones compartidas). -- El momento de la duda. -- Los tres tiempos del juicio de la verdad. -- CAP&#xCD;TULO 5: Las convicciones compartidas: en relaci&#xF3;n anal&#xED;tica y entre los analistas. -- CAP&#xCD;TULO 6: La puesta a prueba y la presunci&#xF3;n de inocencia. -- La presunci&#xF3;n de inocencia. -- PARTE III: El yo y la realidad. -- CAP&#xCD;TULO 7: Las exigencias del yo. -- El yo y su realidad. -- El yo y su cuerpo. -- El yo, el encuentro pensado y el encuentro real. -- CAP&#xCD;TULO 8: La relaci&#xF3;n amorosa: Introducci&#xF3;n al an&#xE1;lisis de las relaciones de simetr&#xED;a. -- CAP&#xCD;TULO 9: Nota sobre el concepto de realidad en la nosograf&#xED;a anal&#xED;tica. -- Reflexiones sobre el concepto de realidad en Freud. -- Las exigencias de la realidad. Lo permitido y lo prohibido, lo l&#xED;cito y lo interdicto. -- PARTE IV: El yo y el placer. -- CAP&#xCD;TULO 10: Placer necesario y placer suficiente. -- El placer necesario. -- El placer suficiente. -- CAP&#xCD;TULO 11: Las relaciones de simetr&#xED;a y su prototipo: el amor. -- CAP&#xCD;TULO 12: Las relaciones de asimetr&#xED;a y su prototipo: la pasi&#xF3;n. -- La relaci&#xF3;n pasional. -- Consideraciones metapsicol&#xF3;gicas. -- CAP&#xCD;TULO 13: La repartici&#xF3;n de las demandas de placer y la exigencia de verdad. -- CAP&#xCD;TULO 14: El concepto consciente de una peque&#xF1;a parte separable de la muerte. -- &#xBF;Qu&#xE9; ocurre del lado del analista?. -- PARTE V: Del amor necesario a la transferencia alienante. -- CAP&#xCD;TULO 15: Simetr&#xED;a y asimetr&#xED;a en la relaci&#xF3;n transferencial. -- Los caracteres de asimetr&#xED;a. -- CAP&#xCD;TULO 16: El deseo de alienar y la inducci&#xF3;n pasional. -- CAP&#xCD;TULO 17: Del amor necesario a la pasi&#xF3;n alienante. -- Del lado del analizante. -- CAP&#xCD;TULO 18: Del lado del analista.</subfield>
  </datafield>
  <datafield tag="650" ind1=" " ind2="7">
    <subfield code="a">Placer</subfield>
    <subfield code="2">lemb</subfield>
    <subfield code="9">5412</subfield>
  </datafield>
  <datafield tag="650" ind1=" " ind2="7">
    <subfield code="a">Yo</subfield>
    <subfield code="2">lemb</subfield>
    <subfield code="9">2094</subfield>
  </datafield>
  <datafield tag="650" ind1=" " ind2="7">
    <subfield code="a">Amor</subfield>
    <subfield code="2">lemb</subfield>
    <subfield code="9">467</subfield>
  </datafield>
  <datafield tag="650" ind1=" " ind2="7">
    <subfield code="a">Relaciones de pareja</subfield>
    <subfield code="2">lemb</subfield>
    <subfield code="9">39090</subfield>
  </datafield>
  <datafield tag="942" ind1=" " ind2=" ">
    <subfield code="c">BOOK</subfield>
    <subfield code="2">ddc</subfield>
  </datafield>
  <datafield tag="999" ind1=" " ind2=" ">
    <subfield code="c">945</subfield>
    <subfield code="d">945</subfield>
  </datafield>
  <datafield tag="952" ind1=" " ind2=" ">
    <subfield code="0">0</subfield>
    <subfield code="1">0</subfield>
    <subfield code="2">ddc</subfield>
    <subfield code="4">0</subfield>
    <subfield code="7">0</subfield>
    <subfield code="8">GEN</subfield>
    <subfield code="a">BC</subfield>
    <subfield code="b">BC</subfield>
    <subfield code="d">1997-08-04</subfield>
    <subfield code="i">C1524</subfield>
    <subfield code="l">2</subfield>
    <subfield code="m">2</subfield>
    <subfield code="o">158.2 A924d</subfield>
    <subfield code="p">61000001543848</subfield>
    <subfield code="r">2025-01-30 00:00:00</subfield>
    <subfield code="s">2024-11-29</subfield>
    <subfield code="t">1</subfield>
    <subfield code="w">2023-04-20</subfield>
    <subfield code="y">BOOK</subfield>
  </datafield>
  <datafield tag="952" ind1=" " ind2=" ">
    <subfield code="0">0</subfield>
    <subfield code="1">0</subfield>
    <subfield code="2">ddc</subfield>
    <subfield code="4">0</subfield>
    <subfield code="7">0</subfield>
    <subfield code="8">GENERAL</subfield>
    <subfield code="a">CARME</subfield>
    <subfield code="b">CARME</subfield>
    <subfield code="d">2007-11-28</subfield>
    <subfield code="e">Material adquirido por donaci&#xF3;n</subfield>
    <subfield code="f">DONA</subfield>
    <subfield code="g">36000.00</subfield>
    <subfield code="i">C975200</subfield>
    <subfield code="l">1</subfield>
    <subfield code="o">158.2 A924de</subfield>
    <subfield code="p">6-10000003233897</subfield>
    <subfield code="r">2024-10-09 00:00:00</subfield>
    <subfield code="s">2024-09-12</subfield>
    <subfield code="t">2</subfield>
    <subfield code="w">2023-04-20</subfield>
    <subfield code="y">BOOK</subfield>
  </datafield>
</record>
